000 00473nam a2200181Ia 4500
008 100920s9999 xx 000 0 und d
082 _b68539
_a--- 0
100 _aइनामदार ना.स.
245 _aशिकस्त.
260 _b---
_c0
300 _a578
_bसाधी
365 _b125
520 _aकादंबरी.
630 _aशिकस्त.
650 _aकादंबरी.
730 _aशिकस्त.
942 _cBOOK
999 _c710816
_d710813